[Event "Bajmok op 9th"]
[Site "Bajmok"]
[Date "2006.12.28"]
[Round "8"]
[White "Trbovic, Bogdan"]
[Black "Brindza, Istvan"]
[Result "1/2-1/2"]
[WhiteElo "2010"]
[BlackElo "2083"]
[PlyCount "20"]
[EventDate "2006.12.09"]
[EventType "swiss"]
[EventRounds "9"]
[EventCountry "SRB"]
[SourceTitle "EXT 2022"]
[Source "ChessBase"]
[SourceDate "2021.10.06"]
[SourceVersion "1"]
[SourceVersionDate "2021.10.06"]
[SourceQuality "1"]

1. d4 d5 2. c4 e6 3. Nc3 c6 4. e3 f5 5. Bd3 Nf6 6. Nge2 Bd6 7. Qc2 0-0 8. Bd2 Bd7 9. 0-0-0 Na6 10. a3 e5 1/2-1/2

[Event "Bajmok op 9th"]
[Site "Bajmok"]
[Date "2006.12.17"]
[Round "5"]
[White "Trbovic, Bogdan"]
[Black "Tancik, Kristijan"]
[Result "0-1"]
[WhiteElo "2010"]
[BlackElo "2132"]
[PlyCount "58"]
[EventDate "2006.12.09"]
[EventType "swiss"]
[EventRounds "9"]
[EventCountry "SRB"]
[SourceTitle "EXT 2022"]
[Source "ChessBase"]
[SourceDate "2021.10.06"]
[SourceVersion "1"]
[SourceVersionDate "2021.10.06"]
[SourceQuality "1"]

1. d4 d5 2. c4 dxc4 3. Nf3 Nf6 4. e3 e6 5. Bxc4 c5 6. 0-0 a6 7. Bb3 b5 8. a4 b4 9. Nbd2 Bb7 10. Nc4 Nbd7 11. Qe2 Be7 12. Rd1 Qc7 13. a5 0-0 14. Nfe5 Rfd8 15. Ba4 Nxe5 16. dxe5 Rxd1+ 17. Qxd1 Rd8 18. Qe2 Nd7 19. Bxd7 Qxd7 20. f3 Qd1+ 21. Qxd1 Rxd1+ 22. Kf2 Bd5 23. Nb6 Bb3 24. Nc8 Bf8 25. e4 h6 26. Nd6 f6 27. f4 fxe5 28. fxe5 Be7 29. Ke2 Bg5 0-1